000 00843pam a2200265 i 4500
001 3244699
003 SEKU
005 20140909091426.0
008 800730s1981 nyua b 001 0 eng
010 _a 80020696
020 _a007015516X :
_c$18.95 (est.)
040 _aDLC
_cDLC
_dDLC
_dSEKU
_beng
050 0 0 _aHD58.7
_b.D36 1981
082 0 0 _a658.3
_219
100 1 _aDavis, Keith,
_d1918-
245 1 0 _aHuman behavior at work :
_borganizational behavior /
_cKeith Davis.
250 _a6th ed.
260 _aNew York :
_bMcGraw-Hill,
_cc1981.
300 _axviii, 583 p. :
_bill. ;
_c24 cm.
490 0 _aMcGraw-Hill series in management
504 _aIncludes bibliographical references and indexes.
650 0 _aOrganizational behavior.
650 0 _aIndustrial sociology.
942 _2lcc
_cGEN
_hHD58.7
_i.D36 1981
999 _c3217
_d3217